000 00524nam a22001937a 4500
003 NUST - PNEC
005 20170116180819.0
008 150612b xxu||||| |||| 00| 0 eng d
020 _a-
040 _cLIBRARY
082 _a510 PIP
100 _93928
_aPipes, Louis A.
245 _aApplied mathematics for engineers and physicsts
_cLouis A. Pipes
250 _a3rd ed.
260 _aNew York:
_bMcGraw-Hill Book Company,
_cc1958.
300 _a1015 p. :
_c20 cm.
650 _93929
_aMathematics
_xME
942 _2ddc
_cBK
999 _c63649
_d63649